header

Twelve years a slave (Record no. 119353)

MARC details
000 -LEADER
fixed length control field 01946nam a2200421Ia 4500
100 1# - MAIN ENTRY--AUTHOR NAME
Personal name Northup, Solomon,
245 10 - TITLE STATEMENT
Title Twelve years a slave
260 ## - PUBLICATION, DISTRIBUTION, ETC. (IMPRINT)
Place of publication Chapel Hill :
Name of publisher University of North Carolina at Chapel Hill Library :
-- distributed by University of North Carolina Press,
Year of publication 2011.
300 ## - PHYSICAL DESCRIPTION
Number of Pages 228 p. :
Other physical details ill.
500 ## - GENERAL NOTE
General note "DocSouth books edition".
General note Originally published: Auburn, N.Y. : Derby and Miller, 1853.
650 #0 - SUBJECT ADDED ENTRY--TOPICAL TERM
Topical Term Freedmen
Topical Term Kidnapping victims
Topical Term Slaves
Topical Term African Americans
Topical Term Slaves' writings, American.
Topical Term Plantation life
Topical Term Slavery
700 1# - ADDED ENTRY--PERSONAL NAME
Personal name Wilson, David.
856 40 - ELECTRONIC LOCATION AND ACCESS
Uniform Resource Identifier http://site.ebrary.com/lib/rucke/Doc?id=10511440

No items available.

© 2026 Rongo University
Contact us: librarian | system librarian | Rongo university